[Event "POL-ch Academic (Women)"]
[Site "Katowice"]
[Date "2018.02.03"]
[Round "8"]
[White "Gaudyn, Renata"]
[Black "Kubicka, Anna"]
[Result "0-1"]
[WhiteElo "1579"]
[BlackElo "2256"]
[PlyCount "110"]
[EventDate "2018.02.02"]
[EventType "swiss (rapid)"]
[EventRounds "9"]
[EventCountry "POL"]
[SourceTitle "CBM 182 Extra"]
[Source "ChessBase"]
[SourceDate "2018.02.23"]
[SourceVersion "1"]
[SourceVersionDate "2018.02.23"]
[SourceQuality "1"]

1. e4 c5 2. Nf3 d6 3. Nc3 Nf6 4. d4 cxd4 5. Nxd4 a6 6. Bg5 Nbd7 7. Qd2 h6 8. Bh4 Qc7 9. 0-0-0 e6 10. f4 Be7 11. Bf2 b5 12. Bxb5 axb5 13. Ndxb5 Qb8 14. Nxd6+ Bxd6 15. Qxd6 Qxd6 16. Rxd6 Ke7 17. e5 Ne8 18. Rd2 Nc7 19. Rhd1 f6 20. exf6+ Nxf6 21. h3 Ncd5 22. Nxd5+ exd5 23. a3 Kf7 24. Bh4 Bb7 25. Re1 Rhe8 26. Rxe8 Rxe8 27. Bxf6 Kxf6 28. Rd3 Kf5 29. g3 Re2 30. Rb3 Ba6 31. Rb6 Bc8 32. Rc6 Be6 33. Rc7 g6 34. Rh7 h5 35. Rg7 Rg2 36. g4+ hxg4 37. hxg4+ Rxg4 38. c3 Rxf4 39. b4 Kf6 40. Rc7 Ke5 41. b5 Rf7 42. Rxf7 Bxf7 43. Kd2 Kd6 44. Ke3 Kc5 45. a4 Be6 46. Kf4 Bf5 47. Ke5 Bc2 48. Kf6 Bxa4 49. b6 Kxb6 50. Kxg6 Kc5 51. Kf5 Kc4 52. Kf4 Kxc3 53. Ke3 d4+ 54. Ke2 d3+ 55. Ke3 d2 0-1

[Event "POL-chT U19 2nd League"]
[Site "Szczyrk"]
[Date "2014.07.30"]
[Round "8.35"]
[White "Wojcik, Jagoda"]
[Black "Gaudyn, Renata"]
[Result "1-0"]
[WhiteElo "1379"]
[BlackElo "1597"]
[PlyCount "116"]
[EventDate "2014.07.25"]
[EventType "team-swiss"]
[EventRounds "11"]
[EventCountry "POL"]
[SourceTitle "EXT 2015"]
[Source "ChessBase"]
[SourceDate "2014.11.20"]
[SourceVersion "1"]
[SourceVersionDate "2014.11.20"]
[SourceQuality "1"]
[WhiteTeam "Gliwice Politechnika Slaska U19"]
[BlackTeam "Krakow Wisla U19"]
[WhiteTeamCountry "POL"]
[BlackTeamCountry "POL"]

1. e4 c5 2. Nf3 a6 3. c3 e6 4. d4 d5 5. Nbd2 cxd4 6. cxd4 dxe4 7. Nxe4 Nd7 8. Bd3 Ngf6 9. 0-0 Be7 10. Qc2 Nd5 11. Bd2 h6 12. Rac1 b5 13. Qc6 Rb8 14. Nd6+ Bxd6 15. Qxd6 Bb7 16. Rfe1 Nf8 17. Qg3 Nf6 18. Ne5 g5 19. Bf5 Nh5 20. Qa3 Ng7 21. Bg4 h5 22. Be2 Nf5 23. d5 Nd4 24. dxe6 Nxe2+ 25. Rxe2 Nxe6 26. Rce1 Qd5 27. f3 Rc8 28. Nxf7 Kxf7 29. Rxe6 Qxe6 30. Rxe6 Kxe6 31. Qe3+ Kf7 32. Qxg5 Ke6 33. Qg6+ Kd7 34. Qf7+ Kc6 35. Qe6+ Kc5 36. b4+ Kd4 37. Qe3+ Kc4 38. Qe2+ Kd4 39. Be3+ Kd5 40. Qd3+ Ke6 41. Qg6+ Ke5 42. f4+ Kd5 43. Qf5+ Kc4 44. Qc2+ Kd5 45. Qd3+ Ke6 46. f5+ Ke7 47. Bg5+ Kf8 48. Qd7 Re8 49. Qxb7 Kg8 50. Qd5+ Kf8 51. Qd7 Re4 52. Qd8+ Kg7 53. Qf6+ Kg8 54. Bh6 Rg4 55. Qe6+ Kh7 56. f6 Kxh6 57. f7+ Rg6 58. Qe7 Rh7 1-0

[Event "POL-chT U19 2nd League"]
[Site "Szczyrk"]
[Date "2014.07.29"]
[Round "7.41"]
[White "Gaudyn, Renata"]
[Black "Ziemba, Magdalena"]
[Result "1-0"]
[WhiteElo "1597"]
[BlackElo "1589"]
[PlyCount "121"]
[EventDate "2014.07.25"]
[EventType "team-swiss"]
[EventRounds "11"]
[EventCountry "POL"]
[SourceTitle "EXT 2015"]
[Source "ChessBase"]
[SourceDate "2014.11.20"]
[SourceVersion "1"]
[SourceVersionDate "2014.11.20"]
[SourceQuality "1"]
[WhiteTeam "Krakow Wisla U19"]
[BlackTeam "Gorlice GKSz Kornuty U19"]
[WhiteTeamCountry "POL"]
[BlackTeamCountry "POL"]

1. d4 e6 2. Nf3 d5 3. c4 Nf6 4. Nc3 Be7 5. Bg5 0-0 6. e3 Nbd7 7. Rc1 c6 8. Bd3 dxc4 9. Bxc4 Nd5 10. Bxe7 Qxe7 11. 0-0 N7f6 12. Bd3 Nb4 13. Bb1 b6 14. a3 Nbd5 15. e4 Nxc3 16. Rxc3 Bb7 17. Re1 Rfd8 18. Qc2 g6 19. Qc1 Rd7 20. h3 Ne8 21. e5 Nc7 22. Be4 Nb5 23. Rd3 Rad8 24. Red1 f5 25. exf6 Qxf6 26. Qe3 Nd6 27. Re1 Nxe4 28. Qxe4 c5 29. Qxe6+ Qxe6 30. Rxe6 Bxf3 31. Rxf3 Rxd4 32. Re7 R4d7 33. Rxd7 Rxd7 34. Kf1 Rd2 35. Rb3 Kf7 36. a4 Rd1+ 37. Ke2 Ra1 38. Rf3+ Kg7 39. b3 c4 40. bxc4 Rxa4 41. Kd3 Ra3+ 42. Ke4 Rxf3 43. Kxf3 Kf6 44. Ke4 Ke6 45. f4 a5 46. g4 a4 47. Kd3 h5 48. Kc3 Kd6 49. Kb4 a3 50. Kxa3 Kc5 51. Kb3 h4 52. Kc3 Kc6 53. Kb4 Kd7 54. Kb5 Kc7 55. f5 gxf5 56. gxf5 Kd6 57. Kxb6 Ke5 58. f6 Kxf6 59. c5 Kg5 60. c6 Kf4 61. c7 1-0

[Event "Liptovsky Mikulas CupT U20"]
[Site "Liptovsky Mikulas"]
[Date "2014.06.21"]
[Round "4.2"]
[White "Gazikova, Veronika"]
[Black "Gaudyn, Renata"]
[Result "1-0"]
[WhiteElo "2112"]
[BlackElo "1572"]
[PlyCount "55"]
[EventDate "2014.06.19"]
[EventType "team-swiss"]
[EventRounds "7"]
[EventCountry "SVK"]
[SourceTitle "EXT 2015"]
[Source "ChessBase"]
[SourceDate "2014.11.20"]
[SourceVersion "1"]
[SourceVersionDate "2014.11.20"]
[SourceQuality "1"]
[WhiteTeam "Luna Martin (U18)"]
[BlackTeam "Krakow Wisla (U18)"]
[WhiteTeamCountry "SVK"]
[BlackTeamCountry "POL"]

1. e4 c5 2. Nf3 Nc6 3. d4 cxd4 4. Nxd4 Nf6 5. Nc3 a6 6. Be3 e6 7. g4 Bb4 8. Bg2 h6 9. 0-0 Bxc3 10. bxc3 Qc7 11. Nxc6 dxc6 12. Bc5 Qf4 13. h3 h5 14. Be3 Qc7 15. g5 Nd7 16. f4 Qa5 17. Kh1 e5 18. fxe5 Qxe5 19. Rf5 Qc7 20. Bf4 Qd8 21. Qd6 Qe7 22. Qd4 Rg8 23. Bd6 Qd8 24. Raf1 f6 25. Qc4 Nf8 26. Re5+ Ne6 27. Rxe6+ Kf7 28. Rexf6+ 1-0

[Event "Liptovsky Mikulas CupT U20"]
[Site "Liptovsky Mikulas"]
[Date "2014.06.20"]
[Round "3.2"]
[White "Jablonicky, Martin"]
[Black "Gaudyn, Renata"]
[Result "0-1"]
[WhiteElo "2046"]
[BlackElo "1572"]
[PlyCount "78"]
[EventDate "2014.06.19"]
[EventType "team-swiss"]
[EventRounds "7"]
[EventCountry "SVK"]
[SourceTitle "EXT 2015"]
[Source "ChessBase"]
[SourceDate "2014.11.20"]
[SourceVersion "1"]
[SourceVersionDate "2014.11.20"]
[SourceQuality "1"]
[WhiteTeam "Modranka Komplet (U18)"]
[BlackTeam "Krakow Wisla (U18)"]
[WhiteTeamCountry "SVK"]
[BlackTeamCountry "POL"]

1. e4 c5 2. c4 Nc6 3. Nc3 Nf6 4. g3 d6 5. Bg2 Bd7 6. Nge2 g6 7. d3 Bg7 8. 0-0 Qc8 9. a3 Bh3 10. Rb1 Bxg2 11. Kxg2 h5 12. h4 Qd7 13. b4 0-0 14. f3 b6 15. Be3 Nh7 16. d4 cxd4 17. Nxd4 Ne5 18. c5 dxc5 19. bxc5 Nc4 20. Bg1 bxc5 21. Nde2 Qxd1 22. Rfxd1 Rfc8 23. Rb7 Bf8 24. Rdd7 Nf6 25. Rdc7 Rxc7 26. Rxc7 e6 27. a4 Ne8 28. Rc6 Ne5 29. Ra6 Nc7 30. Ra5 Nc4 31. Rxc5 Bxc5 32. Bxc5 a6 33. Nd4 Rb8 34. Nc6 Rb2+ 35. Kh3 Nd2 36. Ne7+ Kh7 37. f4 Rc2 38. Bb4 Nf1 39. g4 Rh2# 0-1

[Event "Olsztyn op U18 rapid"]
[Site "Olsztyn"]
[Date "2013.08.02"]
[Round "9"]
[White "Gaudyn, Renata"]
[Black "Lach, Aleksandra"]
[Result "0-1"]
[WhiteElo "1542"]
[BlackElo "2161"]
[PlyCount "92"]
[EventDate "2013.08.01"]
[EventType "swiss (rapid)"]
[EventRounds "11"]
[EventCountry "POL"]
[SourceTitle "CBM 155 Extra"]
[Source "ChessBase"]
[SourceDate "2013.08.26"]
[SourceVersion "1"]
[SourceVersionDate "2013.08.26"]
[SourceQuality "1"]

1. e4 c5 2. Nf3 d6 3. d4 cxd4 4. Nxd4 Nf6 5. Nc3 a6 6. Bg5 e6 7. f4 h6 8. Bh4 Qb6 9. Bxf6 gxf6 10. a3 Nc6 11. Nxc6 bxc6 12. Bd3 Qxb2 13. Na4 Qd4 14. c3 Qe3+ 15. Qe2 Qxe2+ 16. Bxe2 Bd7 17. Nb6 Ra7 18. Nxd7 Kxd7 19. Rb1 Kc7 20. 0-0 d5 21. Bd3 Bxa3 22. Rb3 Bc5+ 23. Kh1 a5 24. Ra1 a4 25. Rb2 a3 26. Rba2 Rb7 27. h3 Rb3 28. Rc2 Rhb8 29. Kh2 Rb2 30. exd5 exd5 31. Kg3 Rxc2 32. Bxc2 Rb2 33. Bd3 Rb3 34. Kg4 Rxc3 35. Bh7 Bd4 36. Ra2 c5 37. Kh5 Rg3 38. Kxh6 Bb2 39. Bc2 Rxg2 40. Bb3 c4 41. Ba4 f5 42. Kh5 c3 43. Be8 c2 44. Bxf7 c1Q 45. Bxd5 Qd1+ 46. Kh4 Bf6# 0-1